Seed technology and quality control / (Record no. 84045)

MARC details
000 -LEADER
fixed length control field 00605nam a22001937a 4500
005 - DATE AND TIME OF LATEST TRANSACTION
control field 20140723160644.0
010 ## - LCCN (DPL NO)
LC control number ENG-109978
020 ## - INTERNATIONAL STANDARD BOOK NUMBER
Terms of availability 675.00
International Standard Book Number 9788171326495
035 ## - SYSTEM CONTROL NUMBER
System control number EN-93511
037 ## - SOURCE OF ACQUISITION
Source of stock number/acquisition DBAD/PUB
082 ## - DEWEY DECIMAL CLASSIFICATION NUMBER
Classification number 631.5210954
100 ## - MAIN ENTRY--PERSONAL NAME
Personal name Trivedi, P.C.
245 00 - TITLE STATEMENT
Title Seed technology and quality control /
Statement of responsibility, etc by P.C. Trivedi
260 ## - PUBLICATION, DISTRIBUTION, ETC. (IMPRINT)
Place of publication, distribution, etc Jaipur
Name of publisher, distributor, etc Pointer Publishers
Date of publication, distribution, etc 2011
270 ## - ADDRESS
Address 807,Vyas Buliding, S.M.S.Highway
City Jaipur
Postal code 302003
300 ## - PHYSICAL DESCRIPTION
Extent xii,196p.
Dimensions 22cm(Hb)
500 ## - GENERAL NOTE
General note Includes bibliographical references and index
942 ## - ADDED ENTRY ELEMENTS (KOHA)
Source of classification or shelving scheme Dewey Decimal Classification
Item type English Books
Call number suffix TRI
Classification part 631.5210954
Holdings
Withdrawn status Lost status Not for loan Collection code Home library Current library Date acquired Source of acquisition Cost, normal purchase price Full call number Barcode Copy number Cost, replacement price Koha item type
    Not For Loan Non-fiction D.B.Act.Division D.B.Act.Division 07/05/2014 DBAD/PUB 675.00 631.5210954 TRI EN-93511 1 675.00 English Books

© Delhi Public Library
Hit Counter
free hit counter